A quoi ces chiffres sont-ils associées ? De 1 à 20 - Statistiques

Statistiques générales
  • Ce quiz a été pris 115 fois
  • Le résultat moyen est 45 sur 100
Statistiques - réponses
Nombre Nature de l'association Réponse % Correct
1 Département Ain
93%
1 C'est la première planète du système solaire Mercure
92%
20 Cette boisson alcoolisée se prononce comme le nombre 20 Vin
91%
2 C'est la deuxième planète du système solaire Vénus
87%
4 C'est la quatrième planète du système solaire Mars
86%
3 C'est la troisième planète du système solaire Terre
86%
5 C'est la cinquième planète du système solaire Jupiter
80%
2 Un humain en possède normalement 2 Bras/Main/Jambes/Pieds/Poumons/ Reins/Seins/Testicules
79%
2 Département Aisne
77%
6 C'est la sixième planète du système solaire Saturne
76%
1 Élément du tableau Périodique Hydrogène
75%
7 C'est la septième planète du système solaire Uranus
73%
5 Un humain en a 5 par main Doigts
72%
4 Les grecs considéraient l'Eau, la Terre, l'Air et le Feu comme les 4 ______ Éléments
72%
8 C'est la huitième planète du système solaire Neptune
72%
12 Il y en a 12 dans une année Mois
70%
10 Il y en a 10 au bowling Quilles
70%
7 Il y en a 7 dans une semaine Jours
69%
3 Cité antique, en actuelle Turquie, associé à un cheval. Troie
69%
5 Elle a lieu 5 fois par jour pour les Musulmans Prière
68%
13 Jésus en avait 13 Apôtre
67%
12 Parmi eux, on compte Héra, Poséidon ou Apollon, mais sont 12 au total Dieux Olympiens
64%
18 Age symbolique en France, aux États-Unis, elle advient à 21 ans Majorité
64%
4 Une célèbre pièce de Vivaldi en compte 4 Saisons
63%
16 Ce roi de France a été décapité Louis XVI
61%
8 Élément du tableau Périodique Oxygène
61%
8 Famille d'animaux à 8 pattes Arachnide
60%
9 Beethoven en a écrit 9 Symphonie
60%
15 Numéro de téléphone d'urgence associé à cet organisme SAMU
59%
18 Un terrain de golf en comporte 18 Trous
59%
2 Élément du tableau Périodique Helium
58%
1 Ancien peuple nomade originaire de l’Asie centrale Huns
58%
18 Numéro de téléphone d'urgence associé à cet organisme Pompiers
57%
11 Elle a pris fin à 11 heures le 11e jour du 11e mois de 1918. Première Guerre Mondiale
57%
11 Elle a amené les premiers hommes sur la Lune en 1969. Apollo 11
56%
20 Paris en compte 20 Arrondissements
54%
11 Département Aude
53%
14 Une échelle mesurant l'acidité d'une solution, disposant de 14 niveaux pH
52%
15 Ce sport comporte souvent 15 joueurs Rugby
52%
6 Une étoile à 6 blanches, symbole du Judaïsme Étoile de David
51%
7 Ville de l'Hérault, associée à Georges Brassens Sète
49%
11 Bâtiment administratif qui s'écroule le 11 septembre 2001 World Trade Center
49%
10 Département Aube
48%
13 Il y en a aujourd'hui 50, mais il n'était que 13 lorsque le pays a été fondé États des États-Unis
48%
3 Département Allier
47%
9 Cette action dure 9 mois chez une femme humaine Gestation
47%
6 Élément du tableau Périodique Carbone
45%
3 Préfecture de l'Aube Troyes
45%
6 Département Alpes-Maritimes
44%
13 Département Bouches-du-Rhône
44%
5 Département Hautes-Alpes
43%
7 Département Ardèche
41%
2 C'est le plus petit représentant de cette famille de nombres Nombres Premiers
41%
4 Département Alpes de Haute-Provence
40%
9 Département Ariège
40%
19 Nombre associé à une maladie similaire à la grippe COVID-19
40%
15 Elle est à 15 ans en France, à 13 ans en Chine ou au Japon, à 18 ans en Turquie et à 19 ans au Burkina Faso Majorité Sexuelle
40%
12 Département Aveyron
39%
20 Un enfant qui vient de naître en a 20 Dents
38%
14 Département Calvados
37%
10 La résidence du Premier Ministre britannique 10, Downing Street
36%
8 Département Ardennes
35%
18 Département Cher
35%
15 Département Cantal
34%
16 Célèbre monument du Vatican, où l'on peut observer "La création d'Adam" Chapelle Sixtine
34%
16 Département Charente
34%
7 Élément du tableau Périodique Azote
33%
4 D'après l'Apocalypse, ils seraient 4 Cavaliers de l'Apocalypse
32%
17 Département Charente-Maritime
32%
19 Département Corrèze
32%
10 La Bible en compte 10 Commandements
28%
20 Ancien Département Corse
28%
11 Élément du tableau Périodique Sodium
28%
9 Élément du tableau Périodique Fluor
27%
10 Élément du tableau Périodique Néon
26%
5 Élément du tableau Périodique Bore
24%
17 Ce poème traditionnel japonais compte 17 syllabes Haïku
24%
16 Les consoles de la quatrième génération en possèdent 16 Bits
22%
3 Élément du tableau Périodique Lithium
22%
12 Élément du tableau Périodique Magnésium
22%
17 Chanson de Jean-Jacques Goldman mettant en scène 3 personnes, se demandant comment elles auraient agi dans un contexte de guerre Né en 17 à Leidenstadt
22%
8 Il y en a 8 dans un octave Tons
22%
13 Élément du tableau Périodique Aluminium
21%
4 Élément du tableau Périodique Béryllium
20%
20 Élément du tableau Périodique Calcium
20%
6 Un V6 en compte 6 Pistons
20%
18 Élément du tableau Périodique Argon
19%
17 Élément du tableau Périodique Chlore
19%
19 Élément du tableau Périodique Potassium
19%
16 Élément du tableau Périodique Soufre
18%
14 C'était le nombre signature de ce célèbre compositeur allemand Jean-Sébastien Bach
17%
9 Il y en a 9 d'après la Divine Comédie de Dante Cercles de l'Enfer
15%
15 Élément du tableau Périodique Phosphore
15%
14 Élément du tableau Périodique Silicium
14%
19 Cette région Belge comporte 19 communes Bruxelles-Capitale
9%
12 Il y en a 12 dans une octave Demis-tons
7%
13 Groupe anglais fondé en 1970 et dont le dernier album studio se nomme "13" Black Sabbath
3%
19 Ce cycle, valant valant 235 lunaisons, dure 19 Cycle de Méton
2%
1 D'après Spinoza, elle constituait une unité insécable Monade
2%
17 Ce nombre était détesté par ces mathématiciens grecs Pythagoriciens
2%
Aucun quiz correspondant
Distribution des résultats
% des personnes avec chaque résultat
Percentile par nombre de réponses
Votre historique - résultats
Vous n’avez pas pris ce quiz